| 000 | 00667nas a2200241 4500 | ||
|---|---|---|---|
| 001 | BR9205002 | ||
| 003 | BR-BrBNA | ||
| 005 | 20231205092814.0 | ||
| 007 | ta | ||
| 008 | 230509b bl.|||p| |||| 00| 00por d | ||
| 040 |
_aBR-BrBNA _bpor _cBiblioteca Nacional de Agricultura |
||
| 041 | _a(Pt) | ||
| 072 | _aL73 | ||
| 100 | 1 | _aAnon. | |
| 245 | 1 | _aNewcastle irrompe nos aviarios da Guanabara | |
| 650 | _aNEWCASTLE | ||
| 650 | _aAVIARIO | ||
| 650 | _aGUANABARA | ||
| 650 | _aPRATICO | ||
| 773 | 0 |
_tAgricultura e Pecuaria (Brazil) _xISSN 0100-249X _g(Aug 1967), v. 38(519) p. 18-19 _wBR9205002 |
|
| 909 |
_a202311 _bLúcia _c55 _dLúcia Elande |
||
| 942 |
_2AGRIS _n0 _cANA |
||
| 999 |
_c134328 _d134328 |
||